[Event "Osijek op 12th"]
[Site "Osijek"]
[Date "2019.02.24"]
[Round "7.27"]
[White "Skocibusic, Ivo"]
[Black "Marjanovic, Alex"]
[Result "1-0"]
[WhiteElo "1907"]
[BlackElo "1538"]
[PlyCount "169"]
[EventDate "2019.02.21"]
[EventType "swiss"]
[EventRounds "7"]
[EventCountry "CRO"]
[SourceTitle "EXT 2023"]
[Source "ChessBase"]
[SourceDate "2022.10.05"]
[SourceVersion "1"]
[SourceVersionDate "2022.10.05"]
[SourceQuality "1"]

1. d4 Nf6 2. c4 g6 3. Nc3 Bg7 4. e4 d6 5. Nf3 0-0 6. Be2 Nbd7 7. 0-0 e5 8. Ne1 Ne8 9. Be3 f5 10. f3 f4 11. Bf2 g5 12. Rc1 Qe7 13. b4 a5 14. a3 h5 15. Nd5 Qd8 16. c5 c6 17. Nc3 axb4 18. axb4 dxc5 19. bxc5 Qe7 20. d5 Ndf6 21. d6 Qf7 22. Nd3 Nh7 23. Na4 Be6 24. Nb6 Rd8 25. Nb2 Nef6 26. N2c4 Nd7 27. Nxd7 Rxd7 28. Nb6 Rdd8 29. Bc4 g4 30. Qb3 Bxc4 31. Qxc4 gxf3 32. gxf3 Ng5 33. Bh4 Bf6 34. Bxg5 Bxg5 35. Kf2 Kh8 36. Qxf7 Rxf7 37. Rg1 Rg8 38. Kf1 Bd8 39. Rxg8+ Kxg8 40. Nc4 Bf6 41. Ra1 Kg7 42. Ra8 Rf8 43. Ra7 Rf7 44. Ra8 Rf8 45. Rxf8 Kxf8 46. Na5 Ke8 47. Nxb7 Kd7 48. Ke2 Kc8 49. Na5 Kd7 50. Kd3 Bh4 51. Nc4 Bf6 52. Kc3 Kc8 53. Kb4 Bg7 54. Ka5 Kb7 55. Kb4 Kc8 56. Nb6+ Kb7 57. Nc4 Kc8 58. Nb2 Bf6 59. Nd3 Kb8 60. Ka4 Kc8 61. Nb2 Kb8 62. Nc4 Kc8 63. Ka5 Kb7 64. Nb6 Bd8 65. d7 Bf6 66. Kb4 Kc7 67. Kc4 h4 68. h3 Bg7 69. Kb4 Bf6 70. Ka5 Be7 71. Kb4 Bf6 72. Kc3 Be7 73. Nc4 Bf8 74. Kd3 Bg7 75. Nb6 Bf6 76. Kc4 Be7 77. Kb4 Bf8 78. Nc4 Bg7 79. Ka5 Kxd7 80. Kb6 Bf6 81. Kb7 Bg7 82. Nb6+ Ke6 83. Kxc6 Bf8 84. Na4 Be7 85. Kc7 1-0

[Event "Osijek op 12th"]
[Site "Osijek"]
[Date "2019.02.22"]
[Round "4.37"]
[White "Markovic, Marko2222"]
[Black "Skocibusic, Ivo"]
[Result "1/2-1/2"]
[WhiteElo "1489"]
[BlackElo "1907"]
[PlyCount "140"]
[EventDate "2019.02.21"]
[EventType "swiss"]
[EventRounds "7"]
[EventCountry "CRO"]
[SourceTitle "EXT 2023"]
[Source "ChessBase"]
[SourceDate "2022.10.05"]
[SourceVersion "1"]
[SourceVersionDate "2022.10.05"]
[SourceQuality "1"]

1. d4 Nf6 2. c4 g6 3. Nc3 Bg7 4. Nf3 0-0 5. e4 d6 6. Bg5 h6 7. Bh4 Nbd7 8. Be2 e5 9. d5 Nc5 10. b4 Na6 11. a3 g5 12. Bg3 Bg4 13. h3 Bh5 14. 0-0 Bg6 15. Nd2 Ne8 16. Qc2 f5 17. f3 f4 18. Bf2 Nf6 19. Nb3 Be8 20. b5 Nb8 21. a4 Bd7 22. c5 Bc8 23. c6 b6 24. a5 h5 25. Qd1 Rf7 26. Na4 g4 27. fxg4 hxg4 28. Bxg4 Bxg4 29. hxg4 Nxe4 30. Qf3 Ng5 31. Qd3 e4 32. Qc2 Bxa1 33. Rxa1 bxa5 34. Nxa5 Qf6 35. Rf1 Rh7 36. Be3 a6 37. b6 cxb6 38. Nxb6 Raa7 39. Nb7 Qg7 40. Bxf4 Rxb7 41. cxb7 Qxb7 42. Qc8+ Qxc8 43. Nxc8 Nf7 44. Nxd6 Nxd6 45. Bxd6 Nd7 46. Rf4 Rf7 47. Rxe4 Nf6 48. Ra4 Nxd5 49. Rxa6 Ne3 50. Ra8+ Kh7 51. g5 Ng4 52. g3 Ne3 53. Bf4 Nd5 54. Ra4 Kg6 55. Rd4 Ne7 56. Kg2 Nf5 57. Rc4 Ne7 58. Kf3 Kg7 59. Ke4 Ng6 60. Rc6 Re7+ 61. Kf5 Rf7+ 62. Rf6 Nf8 63. Kg4 Nd7 64. Rd6 Re7 65. Kh5 Nf8 66. Rc6 Kg8 67. g6 Re8 68. Rf6 Re6 69. Rf5 Nxg6 70. Rg5 Kf7 1/2-1/2

[Event "Osijek op 12th"]
[Site "Osijek"]
[Date "2019.02.21"]
[Round "2.21"]
[White "Bevanda, Ema"]
[Black "Skocibusic, Ivo"]
[Result "1-0"]
[WhiteElo "1634"]
[BlackElo "1907"]
[PlyCount "113"]
[EventDate "2019.02.21"]
[EventType "swiss"]
[EventRounds "7"]
[EventCountry "CRO"]
[SourceTitle "EXT 2023"]
[Source "ChessBase"]
[SourceDate "2022.10.05"]
[SourceVersion "1"]
[SourceVersionDate "2022.10.05"]
[SourceQuality "1"]

1. d4 Nf6 2. Bf4 g6 3. e3 Bg7 4. h3 d6 5. Nf3 0-0 6. Be2 Nbd7 7. 0-0 c5 8. c4 cxd4 9. exd4 Nh5 10. Bh2 Qb6 11. Qd2 Nhf6 12. Nc3 Re8 13. Rfe1 Nf8 14. Rad1 Ne6 15. b3 h5 16. Bf1 Qa5 17. Nd5 Qxd2 18. Nxf6+ Bxf6 19. Rxd2 Bd7 20. Red1 Ng5 21. Nxg5 Bxg5 22. f4 Bh6 23. Be2 Bf5 24. g4 hxg4 25. hxg4 Be4 26. g5 Bg7 27. Bg4 d5 28. Re2 e6 29. Kf2 Red8 30. c5 Rac8 31. Ke3 Kf8 32. Bg3 Ke7 33. Be1 Kd7 34. Rh2 Rh8 35. Rdd2 Kc6 36. Rb2 Rxh2 37. Rxh2 Rh8 38. Rxh8 Bxh8 39. Be2 Bb1 40. a4 a6 41. b4 Bc2 42. b5+ Kd7 43. bxa6 bxa6 44. a5 Ba4 45. Bxa6 Bc6 46. Bc3 Bg7 47. Kd2 Bf8 48. Kc2 Be7 49. Kb3 Bd8 50. Kb4 Bc7 51. Bb5 Bxf4 52. a6 Bb8 53. Bd2 Bxb5 54. Kxb5 Kc8 55. c6 Ba7 56. Ba5 Bxd4 57. Bb6 1-0

[Event "SSOBZ Cup Team 12th"]
[Site "Valpovo"]
[Date "2019.02.17"]
[Round "5.5"]
[White "Skocibusic, Ivo"]
[Black "Kolic, Vladimir"]
[Result "1/2-1/2"]
[WhiteElo "1923"]
[BlackElo "1620"]
[PlyCount "51"]
[EventDate "2019.02.15"]
[EventType "team-swiss"]
[EventRounds "5"]
[EventCountry "CRO"]
[SourceTitle "CBM 189 Extra"]
[Source "ChessBase"]
[SourceDate "2019.06.03"]
[SourceVersion "1"]
[SourceVersionDate "2019.06.03"]
[SourceQuality "1"]
[WhiteTeam "Djakovo Limmont II"]
[BlackTeam "Djakovo Limmont III"]
[WhiteTeamCountry "CRO"]
[BlackTeamCountry "CRO"]

1. Nf3 Nf6 2. g3 g6 3. Bg2 Bg7 4. d3 0-0 5. 0-0 d5 6. Nbd2 c6 7. e4 dxe4 8. dxe4 Bg4 9. h3 Bxf3 10. Bxf3 Nbd7 11. Qe2 Ne5 12. Bg2 Qc7 13. f4 Ned7 14. Kh2 e5 15. Nf3 Nh5 16. f5 gxf5 17. exf5 e4 18. Ne5 Nxg3 19. Kxg3 Bxe5+ 20. Bf4 Kh8 21. Qe3 Rg8+ 22. Kh2 Rg7 23. Bxe4 Rag8 24. Bh1 Bxf4+ 25. Qxf4 Qxf4+ 26. Rxf4 1/2-1/2

[Event "SSOBZ Cup Team 12th"]
[Site "Valpovo"]
[Date "2019.02.16"]
[Round "3.4"]
[White "Skocibusic, Ivo"]
[Black "Huis, Dinko"]
[Result "1/2-1/2"]
[WhiteElo "1923"]
[BlackElo "2137"]
[PlyCount "114"]
[EventDate "2019.02.15"]
[EventType "team-swiss"]
[EventRounds "5"]
[EventCountry "CRO"]
[SourceTitle "CBM 189 Extra"]
[Source "ChessBase"]
[SourceDate "2019.06.03"]
[SourceVersion "1"]
[SourceVersionDate "2019.06.03"]
[SourceQuality "1"]
[WhiteTeam "Djakovo Limmont II"]
[BlackTeam "Belisce"]
[WhiteTeamCountry "CRO"]
[BlackTeamCountry "CRO"]

1. Nf3 d5 2. g3 Nf6 3. Bg2 g6 4. d3 Bg7 5. 0-0 0-0 6. Nbd2 c5 7. e4 Nc6 8. Re1 d4 9. Qe2 e5 10. Nc4 Qc7 11. a4 b6 12. h3 a6 13. Nh4 Be6 14. b3 b5 15. Nb2 Nd7 16. f4 f6 17. f5 Bf7 18. fxg6 hxg6 19. Qg4 Ne7 20. Rf1 Kh7 21. Nf3 Qd6 22. Qh4+ Kg8 23. g4 Rac8 24. axb5 axb5 25. Bd2 Nb6 26. Ra6 Ra8 27. Rfa1 Rxa6 28. Rxa6 Ra8 29. Rxa8+ Nxa8 30. Bf1 Qa6 31. Nxe5 g5 32. Bxg5 fxg5 33. Qxg5 Qd6 34. Nxf7 Kxf7 35. Qh5+ Kf8 36. Nd1 Nc7 37. g5 Ne6 38. Qg4 Kg8 39. h4 Qe5 40. Nf2 Bf8 41. Nh3 Ng6 42. h5 Bd6 43. Bg2 Ngf4 44. Nxf4 Nxf4 45. Bf3 Ne6 46. g6 Qg5 47. Qxg5 Nxg5 48. Bg4 Kg7 49. Kg2 b4 50. Kf2 Bf4 51. Kg2 Kf6 52. Bf5 Kg7 53. Kf2 Kh6 54. Kg2 Be5 55. Bg4 Kg7 56. Bf5 Bf4 57. Kf2 Kh6 1/2-1/2

[Event "Osijek-Baranja CupT 10th"]
[Site "Nasice"]
[Date "2017.02.19"]
[Round "4.2"]
[White "Fridl, Miroslav"]
[Black "Skocibusic, Ivo"]
[Result "0-1"]
[WhiteElo "1977"]
[BlackElo "1893"]
[PlyCount "114"]
[EventDate "2017.02.17"]
[EventType "team-swiss"]
[EventRounds "5"]
[EventCountry "CRO"]
[SourceTitle "EXT 2019"]
[Source "ChessBase"]
[SourceDate "2018.10.10"]
[SourceVersion "1"]
[SourceVersionDate "2018.10.10"]
[SourceQuality "1"]

1. c4 c5 2. Nc3 Nf6 3. e4 Nc6 4. g3 e5 5. Bg2 d6 6. Nge2 Be6 7. d3 h6 8. 0-0 g5 9. Nd5 Bg7 10. Nxf6+ Bxf6 11. Be3 Qd7 12. Qd2 Rg8 13. a3 h5 14. b4 b6 15. Qb2 Rg6 16. b5 Na5 17. Nc3 h4 18. Nd5 Bxd5 19. cxd5 Ke7 20. Bd2 Nb7 21. Bc3 g4 22. a4 Qc7 23. Rfb1 hxg3 24. fxg3 Rh8 25. Rf1 Bg5 26. Bd2 Bxd2 27. Qxd2 f6 28. Rf5 Na5 29. Qc3 Qd8 30. Raf1 Qf8 31. R1f2 Qh6 32. Bf1 Qe3 33. Qd2 Qd4 34. Qd1 c4 35. Be2 Rgh6 36. Kh1 Qe3 37. Qf1 cxd3 38. Bxd3 Qxg3 39. Qe2 Nb3 40. Rg2 Qh4 41. Qc2 Nc5 42. Kg1 Qe1+ 43. Bf1 g3 44. Re2 Qa1 45. h3 Rxh3 46. Kg2 Qd4 47. Qd2 Rh2+ 48. Kf3 Qxd2 49. Rxd2 Rxd2 50. Kxg3 Nxe4+ 51. Kf3 Ng5+ 52. Ke3 Rxd5 53. Rf2 Rh4 54. Bg2 Rdd4 55. Rc2 Rc4 56. Rd2 Rxa4 57. Bd5 Rad4 0-1

[Event "Osijek-Baranja CupT 10th"]
[Site "Nasice"]
[Date "2017.02.19"]
[Round "5.2"]
[White "Skocibusic, Ivo"]
[Black "Cajzler, Hinko"]
[Result "1/2-1/2"]
[WhiteElo "1893"]
[BlackElo "2086"]
[PlyCount "59"]
[EventDate "2017.02.17"]
[EventType "team-swiss"]
[EventRounds "5"]
[EventCountry "CRO"]
[SourceTitle "EXT 2019"]
[Source "ChessBase"]
[SourceDate "2018.10.10"]
[SourceVersion "1"]
[SourceVersionDate "2018.10.10"]
[SourceQuality "1"]

1. d4 Nf6 2. c4 e6 3. Nc3 c5 4. Nf3 cxd4 5. Nxd4 d5 6. Bg5 dxc4 7. e3 Be7 8. Bxc4 a6 9. a4 0-0 10. 0-0 h6 11. Bh4 Bd7 12. Qb3 Nc6 13. Rfd1 Na5 14. Qa2 Nxc4 15. Qxc4 Qc8 16. Qe2 b6 17. Rac1 Qb7 18. e4 Rfe8 19. f3 b5 20. axb5 axb5 21. Ndxb5 Bxb5 22. Qxb5 Qxb5 23. Nxb5 Reb8 24. Nd4 Rxb2 25. Rc2 Raa2 26. Rxb2 Rxb2 27. e5 Nd5 28. Bxe7 Nxe7 29. f4 Nd5 30. g3 1/2-1/2